| 000 | 01400nam2a2200289 i 4500 | ||
|---|---|---|---|
| 001 | RU\NLR\BIBL_A\010018500 | ||
| 005 | 20241225205233.0 | ||
| 010 |
_a9785000530375 _92000 |
||
| 021 |
_aRU _b2013-90290 _96246 |
||
| 035 | _a(NLR Aleph) 010018500 | ||
| 090 |
_a9888870 _c9888870 |
||
| 100 | _a20131225d2013 um y0rusy50 ca | ||
| 101 | 1 |
_arus _cund |
|
| 102 | _aRU | ||
| 105 | _aac||z|||000yy | ||
| 200 | 1 | _aПервозаконие; Кн. 7: Книга Судеб | |
| 210 | _d2013 | ||
| 215 |
_a447 с. _cил., портр. _e1 электр. опт. диск (CD-ROM) |
||
| 300 | _aТекст аудиокниги читает Сергей Русскин | ||
| 461 | 1 |
_1001RU\NLR\BIBL_A\010414115 _12001#$aШримад Бхагаватам$vКн. 6 _0RU\NLR\BIBL_A\010414115 _99777511 _aВьяса _cМосква _d2013 _e2-е изд. _fШри Двайпаяна Вьяса _nАмрита-Русь _oНеизреченная Песнь Безусловной Красоты : произведение в 12 книгах : [с транслитерацией в кирилице и литературным переводом : для лиц старше 16 лет] _tШримад Бхагаватам _vКн. 6 |
|
| 517 | 1 | _aКнига Судеб | |
| 675 | _a233-265.34 | ||
| 702 | 1 |
_aРусскин _bС. _gСергей _4005 |
|
| 942 | _cBOOK | ||
| 980 | _aNBR | ||